000 01255cam a2200277 4500
999 _c23416
_d23416
001 1728353
003 BDDh-ASL
005 20231015030234.0
008 730912m19751971bg ab b 001 0 eng
010 _a 73169289
040 _aDLC
_cDLC
_dDLC
_dBDDh-ASL
043 _aa-bg---
050 0 0 _aDS393.4
_b.B36
082 0 0 _a910.35492
_bDIN
110 1 _aBangladesh.
_bGovernment of the People's Republic of Bangladesh.
_bEstablishment Division.
_bMinistry of Cabinet Affairs.
245 1 0 _aBangladesh District Gazetteers: Dinajpur /
_cGeneral Editor: Dr. Ashraf Siddiqui.
260 _aDacca:
_aDhaka:
_bBangladesh Government Press,
_c1971-<1983>
_c1975.
_c1972.
300 _a354 p. :
_billus., fold. maps.
_c25 cm.
504 _aIncludes bibliographies and indexes.
505 1 _a[1] Chittagong.--[2] Dinajpur.--[3] Kushtia.--[4] Faridpur.--[5] Pabna.--[6] Comilla.--[7] Noakhali.--[8] Rangpur.--[9] Rajshahi.--[10] Tangail. --[12] Khulna.--[13] Mymensingh.--[14] Jessore.--[15] Bogra.--[16] Bakerganj.--[17] Patuakhali.--[18] Tangail.--[19] Sylhet
650 0 _93522
_aDistrict Gazetteers
651 0 _aBangladesh.
_zDinajpur
700 1 _aSiddiqui, Ashraf
_92244
_cDr.
906 _a7
_bcbc
_corignew
_d4
_encip
_f19
_gy-gencatlg
942 _2ddc
_cBK